000 01689cam a22004454i 4500
003 PE-LiUPU
005 20250731173515.0
008 150616s1968 bl r 000 0 por d
035 _a(Sirsi) a7935
040 _aPE-LiUPU
_bspa
_cPE-LiUPU
_erda
049 _aPRUA
082 0 4 _a224.5
_bM41
_221
100 1 _aMello, Araceli S.,
_eautor.
245 1 0 _aTestemunhos históricos das profecías de Daniel /
_cAraceli S. Mello.
264 1 _aRio de Janeiro :
_bGráfica editora Laemert S.A.,
_c1968.
300 _a762 páginas ;
_c22 centímetros
336 _atext
_2rdacontent
337 _aunmediated
_2rdamedia
338 _avolume
_2rdacarrier
505 0 _aEmbaixadores de Deus na corte de Babilonia -- O impressionante soho dos imperio s-- Uma poderosa licao de libertade de consciencia -- O seguro resultado da procrastinacao -- O banquete fatal de Babilonia 249 -- Vitoria na cova dos leoes.
526 _aSEG42
526 _aSEG41
526 _aSEG40
526 _aSEG39
526 _aP94
526 _aP87
526 _aP86
526 _aP85
526 _aP77
526 _aP76
526 _aP35
630 _aBiblia.
_pA.T.
_pDaniel
_xComentarios.
910 _ajck
_bjvq
_cjck
942 _2ddc
_cBOOK
949 _a224.5 M41
_wDEWEY
_c1
_i38985
_lCCODEBUL1
_mBUL
_p00.00
_r0
_sY
_tBOOK
_u20050803
_xBIBLIOTECA
_zUNKNOWN
_0COMPRA
_o.STAFF. Colección General
994 _aC0
_bPEPRU
596 _a1
999 _a224.5 M41
_wDEWEY
_c59231
_i38985
_d59231
_e2017-11-14
_f2021-11-9
_g5
_lCCODEBUL1
_mBUL
_n1
_p12.00
_q1
_r0
_sY
_tBOOK
_u2015-6-16
_xTEOLOGIA
_PP35
_0COMPRA
_o.STAFF. Colección Teología
980 _81
_gALBERTO SANCHEZ Responsable de Automatización